[Event "LSS No Engine Cup 144 Preliminary 0"]
[Site "LSS email"]
[Date "2015.12.08"]
[Round "?"]
[White "Lombardi, Donato"]
[Black "Hanson, Andrew"]
[Result "0-1"]
[WhiteElo "1162"]
[BlackElo "1721"]
[PlyCount "70"]
[EventDate "2015.12.09"]
[EventType "tourn (corr)"]
[EventRounds "6"]
[EventCountry "GER"]
[SourceTitle "Corr 2022"]
[Source "ChessBase"]
[SourceDate "2021.10.24"]
[SourceVersion "1"]
[SourceVersionDate "2021.10.24"]
[SourceQuality "1"]

1. e4 e6 2. d4 d5 3. exd5 exd5 4. Bd3 Nf6 5. Nf3 Bg4 6. 0-0 Be7 7. Bg5 0-0 8. Nbd2 Nbd7 9. c3 Re8 10. Qc2 Nf8 11. Rfe1 h6 12. Bh4 c6 13. Ne5 Be6 14. f4 N6d7 15. Bxe7 Rxe7 16. f5 Nxe5 17. fxe6 Nxd3 18. exf7+ Rxf7 19. Qxd3 Qd6 20. Nf3 Nd7 21. Re2 Raf8 22. Rae1 Qf4 23. h3 Qg3 24. Qe3 Rxf3 25. Qe6+ R3f7 26. Rf1 Nf6 27. Ref2 Kh8 28. Rf3 Qg6 29. a3 Rd8 30. b3 Rff8 31. h4 Rfe8 32. Rxf6 Rxe6 33. Rxg6 Rxg6 34. Rf7 Rb8 35. Kf2 Rf6+ 0-1

[Event "LSS No Engine Cup 144 Preliminary 0"]
[Site "LSS email"]
[Date "2015.12.08"]
[Round "?"]
[White "Oliveira, Luiz"]
[Black "Hanson, Andrew"]
[Result "1-0"]
[WhiteElo "1710"]
[BlackElo "1721"]
[PlyCount "63"]
[EventDate "2015.12.09"]
[EventType "tourn (corr)"]
[EventRounds "6"]
[EventCountry "GER"]
[SourceTitle "Corr 2022"]
[Source "ChessBase"]
[SourceDate "2021.10.24"]
[SourceVersion "1"]
[SourceVersionDate "2021.10.24"]
[SourceQuality "1"]

1. d4 d5 2. c4 e6 3. Nc3 Nf6 4. cxd5 exd5 5. Bg5 c6 6. e3 Be7 7. Bd3 0-0 8. Qc2 Nbd7 9. Nge2 Re8 10. 0-0 h6 11. Bh4 Nf8 12. f3 Be6 13. Rae1 Qd7 14. Nf4 Rad8 15. a3 N6h7 16. Bg3 Nf6 17. Nce2 Qc8 18. e4 dxe4 19. fxe4 Bg4 20. h3 Bd7 21. b4 a5 22. bxa5 Bxa3 23. Qb3 Be7 24. Rb1 Qa8 25. Bc4 Ne6 26. Bxe6 Bxe6 27. Nxe6 fxe6 28. Qxe6+ Kh8 29. e5 Ne4 30. Qg6 Nd2 31. Rf7 Bf8 32. Rbxb7 1-0

[Event "LSS No Engine Cup 135 Preliminary 0"]
[Site "LSS email"]
[Date "2015.07.26"]
[Round "?"]
[White "Zmolil, Karel"]
[Black "Hanson, Andrew"]
[Result "0-1"]
[WhiteElo "1652"]
[BlackElo "1687"]
[PlyCount "104"]
[EventDate "2015.07.27"]
[EventType "tourn (corr)"]
[EventRounds "6"]
[EventCountry "GER"]
[SourceTitle "Corr 2022"]
[Source "ChessBase"]
[SourceDate "2021.10.24"]
[SourceVersion "1"]
[SourceVersionDate "2021.10.24"]
[SourceQuality "1"]

1. e4 e6 2. d4 d5 3. exd5 exd5 4. Be3 Nf6 5. h3 Nc6 6. Nf3 Bf5 7. a3 Bd6 8. Nc3 0-0 9. Bd3 Bxd3 10. Qxd3 a6 11. 0-0 h6 12. Rfe1 Qd7 13. Ne2 Rfe8 14. c3 Ne4 15. Bf4 Re7 16. b4 Rae8 17. Be3 Nd8 18. Nd2 c6 19. Nf1 Ne6 20. f3 Nf6 21. Nfg3 Nf4 22. Nxf4 Bxf4 23. Bf2 g6 24. Rxe7 Rxe7 25. Re1 Kg7 26. Rxe7 Qxe7 27. Ne2 Bd6 28. Qe3 Nd7 29. a4 Nb6 30. a5 Nc4 31. Qxe7 Bxe7 32. g4 Bg5 33. f4 Be7 34. h4 Nd2 35. Kg2 Ne4 36. Be1 Kf6 37. Kf3 Ke6 38. Ke3 Nf6 39. Kf3 Ne4 40. g5 h5 41. Ng3 Nxg3 42. Kxg3 Kf5 43. Kf3 Bd8 44. Bd2 Bc7 45. Be3 b6 46. axb6 Bxb6 47. Bd2 a5 48. bxa5 Bxa5 49. Be1 Bc7 50. Bd2 Bb8 51. Bc1 Bd6 52. Be3 Ba3 0-1

[Event "LSS No Engine Cup 128 Preliminary 0"]
[Site "LSS email"]
[Date "2015.03.25"]
[Round "?"]
[White "Hanson, Andrew"]
[Black "Caviglia, Maximiliano"]
[Result "0-1"]
[WhiteElo "1682"]
[BlackElo "1618"]
[PlyCount "76"]
[EventDate "2015.03.26"]
[EventType "tourn (corr)"]
[EventRounds "6"]
[EventCountry "GER"]
[SourceTitle "Corr 2022"]
[Source "ChessBase"]
[SourceDate "2021.10.24"]
[SourceVersion "1"]
[SourceVersionDate "2021.10.24"]
[SourceQuality "1"]

1. e4 c5 2. Nf3 Nc6 3. d4 cxd4 4. Nxd4 e5 5. Nb5 d6 6. c4 Nf6 7. Bg5 Be7 8. N1c3 a6 9. Bxf6 gxf6 10. Na3 Be6 11. Nc2 f5 12. g3 fxe4 13. Nxe4 d5 14. cxd5 Bxd5 15. Bg2 Qa5+ 16. Kf1 0-0-0 17. Qe1 Qxe1+ 18. Nxe1 f5 19. Nc3 Bc4+ 20. Kg1 Rd2 21. b3 Be6 22. Bh3 Bc5 23. Nd1 Rhd8 24. Ne3 Bxe3 25. fxe3 e4 26. Kf1 Ne5 27. Rg1 Rxh2 28. Bg2 Bd7 29. a4 Be6 30. Rc1+ Kb8 31. Rc3 Rd1 32. Ke2 Ra1 33. Kf2 Ng4+ 34. Ke2 Ra2+ 35. Kd1 Ne5 36. Nc2 Nd3 37. Bf1 Rb2 38. Be2 Rb1+ 0-1

[Event "LSS No Engine Cup 128 Preliminary 0"]
[Site "LSS email"]
[Date "2015.03.25"]
[Round "?"]
[White "Hanson, Andrew"]
[Black "Van Bommel, Ton"]
[Result "0-1"]
[WhiteElo "1682"]
[BlackElo "2226"]
[PlyCount "58"]
[EventDate "2015.03.26"]
[EventType "tourn (corr)"]
[EventRounds "6"]
[EventCountry "GER"]
[SourceTitle "Corr 2022"]
[Source "ChessBase"]
[SourceDate "2021.10.24"]
[SourceVersion "1"]
[SourceVersionDate "2021.10.24"]
[SourceQuality "1"]

1. e4 c5 2. Nf3 Nc6 3. d4 cxd4 4. Nxd4 Nf6 5. Nc3 e5 6. Ndb5 d6 7. Nd5 Nxd5 8. exd5 Nb8 9. c4 Be7 10. Bd3 0-0 11. 0-0 a6 12. Nc3 f6 13. Be3 e4 14. Bxe4 f5 15. Bc2 Qc7 16. Qe2 Nd7 17. Na4 Rb8 18. Rac1 b6 19. b4 Ne5 20. Bb3 f4 21. f3 fxe3 22. Qxe3 Bf6 23. c5 bxc5 24. bxc5 Bf5 25. Rfd1 Qa7 26. g4 Bg5 27. Qe2 Bd3 28. Rxd3 Bxc1 29. Rc3 Rbe8 0-1

[Event "LSS No Engine Cup 128 Preliminary 0"]
[Site "LSS email"]
[Date "2015.03.25"]
[Round "?"]
[White "Ualpaev, Sergej"]
[Black "Hanson, Andrew"]
[Result "0-1"]
[WhiteElo "1600"]
[BlackElo "1682"]
[PlyCount "94"]
[EventDate "2015.03.26"]
[EventType "tourn (corr)"]
[EventRounds "6"]
[EventCountry "GER"]
[SourceTitle "Corr 2022"]
[Source "ChessBase"]
[SourceDate "2021.10.24"]
[SourceVersion "1"]
[SourceVersionDate "2021.10.24"]
[SourceQuality "1"]

1. e4 e6 2. d4 d5 3. exd5 exd5 4. Nf3 Nf6 5. Bg5 Be7 6. Bd3 0-0 7. Bxf6 Bxf6 8. 0-0 Bg4 9. Bxh7+ Kxh7 10. Qd3+ Kg8 11. Nbd2 Nd7 12. b4 c6 13. h3 Bxf3 14. Nxf3 Re8 15. Rae1 Qc7 16. Rxe8+ Rxe8 17. g3 Nb6 18. b5 Nc4 19. a4 Qa5 20. Ra1 cxb5 21. c3 bxa4 22. g4 Qd8 23. Rb1 Nd6 24. h4 Bxh4 25. Kg2 Bf6 26. g5 Bxg5 27. Rh1 Bh6 28. Kf1 Qf6 29. Ne5 Rxe5 30. dxe5 Qxe5 31. Qc2 Qe4 32. Qxe4 dxe4 33. Rh4 f5 34. Ke2 Kf7 35. f3 b5 36. fxe4 fxe4 37. Rh1 Ke6 38. Rf1 Bg5 39. Rf8 Bf6 40. Ra8 Bxc3 41. Rxa7 Bb2 42. Rxg7 Bxg7 43. Kd2 a3 44. Kc2 a2 45. Kb3 a1Q 46. Kb4 Kd5 47. Kb3 Qa4# 0-1

[Event "LSS No Engine Cup 38 Preliminary 3"]
[Site "LSS email"]
[Date "2011.03.02"]
[Round "?"]
[White "Lombardi, Donato"]
[Black "Hanson, Andrew"]
[Result "0-1"]
[WhiteElo "856"]
[BlackElo "1492"]
[PlyCount "92"]
[EventDate "2011.03.03"]
[EventType "tourn (corr)"]
[EventRounds "6"]
[EventCountry "GER"]
[SourceTitle "Telechess CBM 151"]
[Source "ChessBase"]
[SourceDate "2012.11.13"]
[SourceVersion "1"]
[SourceVersionDate "2012.11.13"]
[SourceQuality "1"]

1. e4 c6 2. d4 d5 3. Nc3 dxe4 4. Nxe4 Bf5 5. Ng3 Bg6 6. Nf3 Nd7 7. Bd3 e6 8. 0-0 Ngf6 9. Bg5 Be7 10. Re1 Nd5 11. Bxe7 Qxe7 12. Nf5 Bxf5 13. Bxf5 0-0 14. Bd3 Rfd8 15. c4 N5f6 16. Qc2 Nf8 17. Rad1 Qc7 18. b4 a5 19. a3 axb4 20. axb4 Ra3 21. h3 Rda8 22. Rb1 Qb8 23. b5 Qa7 24. bxc6 bxc6 25. c5 N8d7 26. Ng5 h6 27. Ne4 Qa4 28. Qxa4 R3xa4 29. Rb7 Rxd4 30. Nxf6+ gxf6 31. Bf1 Ra5 32. Rc1 Nxc5 33. Rc7 Rd6 34. Be2 Nd7 35. R1xc6 Rxc6 36. Rxc6 Ra1+ 37. Kh2 Ra2 38. Bb5 Rxf2 39. Rc3 Ne5 40. Kg3 Rb2 41. Be8 Kg7 42. Rc7 Kg6 43. h4 f5 44. Kf4 Kf6 45. g3 Rb3 46. Ra7 Rf3# 0-1

[Event "LSS SD-2009-0-00046"]
[Site "LSS email"]
[Date "2009.12.24"]
[Round "?"]
[White "Seris Granier Gonzales, Manuel Angel"]
[Black "Hanson, Andrew"]
[Result "1-0"]
[WhiteElo "1978"]
[BlackElo "1492"]
[PlyCount "63"]
[EventDate "2009.11.25"]
[EventType "tourn (corr)"]
[EventRounds "6"]
[EventCountry "GER"]
[SourceTitle "Telechess CBM 141"]
[Source "ChessBase"]
[SourceDate "2011.03.17"]
[SourceVersion "1"]
[SourceVersionDate "2011.03.17"]
[SourceQuality "1"]

1. e4 e6 2. d4 d5 3. Nc3 Bb4 4. e5 c5 5. a3 Bxc3+ 6. bxc3 Qc7 7. Nf3 Ne7 8. a4 Nbc6 9. Be3 Bd7 10. Bd3 Ng6 11. 0-0 Nce7 12. dxc5 Nxe5 13. Nxe5 Qxe5 14. Bd4 Qg5 15. f4 Qh6 16. Rb1 Bc6 17. Rf3 0-0-0 18. Qd2 Nf5 19. Rh3 Qg6 20. Rg3 Qh5 21. Rg5 Qh4 22. Bxf5 exf5 23. a5 a6 24. Rxg7 f6 25. Rf7 Rhg8 26. Rxf6 Rg4 27. Rxc6+ bxc6 28. Qe3 Rg6 29. Qe5 Rxg2+ 30. Kxg2 Qg4+ 31. Kf2 Qh4+ 32. Kf1 1-0

[Event "LSS No Engine Cup Gr02 prel 03 email"]
[Site "LSS email"]
[Date "2009.07.02"]
[Round "?"]
[White "Slavin, Pablo"]
[Black "Hanson, Andrew"]
[Result "0-1"]
[WhiteElo "1217"]
[BlackElo "1478"]
[PlyCount "78"]
[EventDate "2009.07.03"]
[EventType "tourn (corr)"]
[EventRounds "6"]
[EventCountry "GER"]
[SourceTitle "Telechess CBM 135"]
[Source "ChessBase"]
[SourceDate "2010.03.17"]
[SourceVersion "1"]
[SourceVersionDate "2010.03.17"]
[SourceQuality "1"]

1. e4 c6 2. d4 d5 3. Nc3 dxe4 4. Nxe4 Bf5 5. Ng3 Bg6 6. h4 h6 7. Nf3 e6 8. Bc4 Bd6 9. h5 Bh7 10. Be3 Nf6 11. Ne5 0-0 12. Qd2 Bxe5 13. dxe5 Qxd2+ 14. Bxd2 Nfd7 15. 0-0-0 Nxe5 16. Bb3 a5 17. Rde1 Ng4 18. f3 Nf6 19. c3 Nbd7 20. Rh4 Nc5 21. Bc2 Nd3+ 22. Bxd3 Bxd3 23. Rd4 Rfd8 24. Be3 Rxd4 25. Bxd4 Nd5 26. Kd2 Bh7 27. Ne4 b5 28. Nc5 a4 29. a3 Nb6 30. Kc1 Nc4 31. f4 Bf5 32. Ne4 Bxe4 33. Rxe4 Rd8 34. Kc2 Rd5 35. g4 c5 36. Be5 f6 37. Bc7 Kf7 38. Re2 Rd7 39. Bb8 Rb7 0-1

[Event "LSS SD-2009-0-00030"]
[Site "LSS email"]
[Date "2009.05.22"]
[Round "?"]
[White "Jenneborg, Seved"]
[Black "Hanson, Andrew"]
[Result "1-0"]
[WhiteElo "1599"]
[BlackElo "1502"]
[PlyCount "69"]
[EventDate "2009.03.08"]
[EventType "tourn (corr)"]
[EventRounds "6"]
[EventCountry "GER"]
[SourceTitle "Corr 2011"]
[Source "ChessBase"]
[SourceDate "2010.08.31"]
[SourceVersion "1"]
[SourceVersionDate "2010.08.31"]
[SourceQuality "1"]

1. d4 Nf6 2. Nf3 d5 3. c4 dxc4 4. e3 e6 5. Bxc4 a6 6. 0-0 c5 7. b3 cxd4 8. exd4 Be7 9. Nc3 b5 10. Bd3 Bb7 11. a3 0-0 12. Qe2 Nbd7 13. Bd2 Rc8 14. a4 b4 15. Ne4 Nxe4 16. Bxe4 Bxe4 17. Qxe4 Qb6 18. Qd3 Nf6 19. Rac1 Qb7 20. Ne5 Rfd8 21. Rfe1 Nd5 22. Qf3 Bf6 23. Rc4 a5 24. Rec1 Qa8 25. Nc6 Rxc6 26. Rxc6 Bxd4 27. Bg5 Re8 28. Qd3 Nc3 29. Qc4 h6 30. Bh4 g5 31. Bg3 e5 32. Rg6+ Kf8 33. Rxh6 Qe4 34. Rh8+ Ke7 35. Qc7+ 1-0

[Event "LSS SD-2009-0-00030"]
[Site "LSS email"]
[Date "2009.05.20"]
[Round "?"]
[White "Hanson, Andrew"]
[Black "Loktayev, Vladislav"]
[Result "1-0"]
[WhiteElo "1480"]
[BlackElo "1176"]
[PlyCount "87"]
[EventDate "2009.03.08"]
[EventType "tourn (corr)"]
[EventRounds "6"]
[EventCountry "GER"]
[SourceTitle "Corr 2013"]
[Source "ChessBase"]
[SourceDate "2012.11.12"]
[SourceVersion "1"]
[SourceVersionDate "2012.11.12"]
[SourceQuality "1"]
[WhiteTeam "US of America"]
[BlackTeam "US of America"]
[WhiteTeamCountry "USA"]
[BlackTeamCountry "USA"]

1. Nf3 c5 2. e4 a6 3. d4 cxd4 4. Nxd4 Nf6 5. Nc3 e5 6. Nde2 Bb4 7. Bg5 Qb6 8. Be3 Qc7 9. Bd2 d6 10. Ng3 Be6 11. Bd3 Nbd7 12. 0-0 Bxc3 13. Bxc3 Nc5 14. Re1 Nxd3 15. Qxd3 0-0 16. Rad1 Rfd8 17. Qd2 Qc6 18. a3 Rac8 19. h3 h6 20. Qe3 Nd7 21. Re2 d5 22. exd5 Bxd5 23. f3 Bc4 24. Red2 Qc7 25. Bxe5 Nxe5 26. Rxd8+ Rxd8 27. Rxd8+ Qxd8 28. Qxe5 Be6 29. Kh2 Qd7 30. Ne2 f6 31. Qf4 Bf7 32. Nd4 Bg6 33. b3 Kh7 34. a4 Qd5 35. c4 Qe5 36. Qxe5 fxe5 37. Ne6 Bc2 38. Nc5 b6 39. Nxa6 Bxb3 40. c5 bxc5 41. Nxc5 Bd5 42. a5 Kg8 43. a6 Kf7 44. Nd7 1-0

[Event "LSS SD-2008-0-00022"]
[Site "LSS email"]
[Date "2009.01.31"]
[Round "?"]
[White "Hanson, Andrew"]
[Black "Castellano, Antonio Jr"]
[Result "1-0"]
[WhiteElo "1478"]
[BlackElo "1297"]
[PlyCount "59"]
[EventDate "2009.01.12"]
[EventType "tourn (corr)"]
[EventRounds "6"]
[EventCountry "GER"]
[SourceTitle "Corr 2011"]
[Source "ChessBase"]
[SourceDate "2010.08.31"]
[SourceVersion "1"]
[SourceVersionDate "2010.08.31"]
[SourceQuality "1"]

1. d4 d5 2. c4 c6 3. Nc3 Nf6 4. Nf3 g6 5. e3 Bg7 6. Bd3 0-0 7. 0-0 e6 8. e4 b6 9. b3 c5 10. cxd5 cxd4 11. Nb5 exd5 12. e5 Ng4 13. Bf4 Nc6 14. Re1 Re8 15. Rc1 Bd7 16. Nfxd4 Bxe5 17. Nxc6 Qh4 18. Bxe5 Rxe5 19. Rxe5 Qxh2+ 20. Kf1 Nxe5 21. Nxe5 Qxe5 22. Kg1 Qf4 23. Nc3 Rc8 24. Ne2 Qe5 25. Rxc8+ Bxc8 26. Ng3 h5 27. Be2 h4 28. Nf1 h3 29. Bf3 d4 30. Qe2 1-0

[Event "LSS SD-2008-0-00022"]
[Site "LSS email"]
[Date "2009.01.31"]
[Round "?"]
[White "Hanson, Andrew"]
[Black "Gonzalez, Gervasio"]
[Result "1/2-1/2"]
[WhiteElo "1489"]
[BlackElo "1815"]
[PlyCount "75"]
[EventDate "2009.01.12"]
[EventType "tourn (corr)"]
[EventRounds "6"]
[EventCountry "GER"]
[SourceTitle "Telechess CBM 137"]
[Source "ChessBase"]
[SourceDate "2010.07.15"]
[SourceVersion "1"]
[SourceVersionDate "2010.07.15"]
[SourceQuality "1"]

1. d4 d5 2. c4 c6 3. Nf3 Nf6 4. Nc3 e6 5. e3 Nbd7 6. Bd3 dxc4 7. Bxc4 b5 8. Bd3 a6 9. e4 c5 10. e5 cxd4 11. Nxb5 axb5 12. exf6 gxf6 13. 0-0 Qb6 14. Qe2 Ba6 15. Rd1 Rd8 16. b4 Bxb4 17. Rb1 Bc3 18. Bxb5 Bxb5 19. Rxb5 Qc6 20. Bb2 Rg8 21. g3 Rg4 22. Nxd4 Rxd4 23. Rxd4 Bxd4 24. Bxd4 Ra8 25. Rb2 Ra4 26. Rc2 Qd5 27. Ba1 Re4 28. Qf1 Kf8 29. Qc1 Kg7 30. h4 Qf5 31. Kg2 Ne5 32. Bxe5 Rxe5 33. a4 Qe4+ 34. Kh2 Qxa4 35. Rc4 Re1 36. Rxa4 Rxc1 37. Rg4+ Kh6 38. Rg8 1/2-1/2

[Event "LSS SD-2008-0-00019"]
[Site "LSS email"]
[Date "2008.11.25"]
[Round "?"]
[White "Hanson, Andrew"]
[Black "Chatzisotiriou, Petros"]
[Result "1-0"]
[WhiteElo "1455"]
[BlackElo "1244"]
[PlyCount "55"]
[EventDate "2008.11.12"]
[EventType "tourn (corr)"]
[EventRounds "6"]
[EventCountry "GER"]
[SourceTitle "Corr 2011"]
[Source "ChessBase"]
[SourceDate "2010.08.31"]
[SourceVersion "1"]
[SourceVersionDate "2010.08.31"]
[SourceQuality "1"]

1. e4 c6 2. d4 d5 3. Nc3 dxe4 4. Nxe4 Bf5 5. Ng3 Bg6 6. Nf3 Nd7 7. h4 h6 8. h5 Bh7 9. Bd3 Bxd3 10. Qxd3 e6 11. Bf4 Ngf6 12. 0-0-0 Nd5 13. Bd2 Bd6 14. Ne4 N7f6 15. Nxd6+ Qxd6 16. Ne5 0-0 17. f4 Rfd8 18. g4 Ne7 19. g5 hxg5 20. fxg5 Nd7 21. Bf4 Nf5 22. Qf1 Qb4 23. g6 f6 24. Nf7 Re8 25. h6 gxh6 26. Rxh6 Nxh6 27. Qh3 Kf8 28. Bd6+ 1-0

[Event "LSS SD-2008-0-00019"]
[Site "LSS email"]
[Date "2008.11.25"]
[Round "?"]
[White "Hanson, Andrew"]
[Black "Koziol, Pawel"]
[Result "1-0"]
[WhiteElo "1455"]
[BlackElo "1438"]
[PlyCount "57"]
[EventDate "2008.11.12"]
[EventType "tourn (corr)"]
[EventRounds "6"]
[EventCountry "GER"]
[SourceTitle "Corr 2011"]
[Source "ChessBase"]
[SourceDate "2010.08.31"]
[SourceVersion "1"]
[SourceVersionDate "2010.08.31"]
[SourceQuality "1"]

1. e4 e5 2. Nf3 Nc6 3. Bb5 Nf6 4. 0-0 Nxe4 5. d4 Nd6 6. Bxc6 dxc6 7. dxe5 Nf5 8. Qxd8+ Kxd8 9. Nc3 Bd7 10. h3 h6 11. b3 b6 12. Bb2 Kc8 13. Rad1 Be6 14. g4 Ne7 15. Nd4 Kb7 16. Nxe6 fxe6 17. Ne2 Nd5 18. a3 Re8 19. c4 Ne7 20. Nf4 Nc8 21. Ng6 Rg8 22. Rd7 Be7 23. Rfd1 c5 24. Kf1 a5 25. Ke2 Kc6 26. f4 Bd6 27. Rf7 Be7 28. a4 Bh4 29. Nxh4 1-0

[Event "LSS RD-2008-0-00011"]
[Site "LSS email"]
[Date "2008.11.16"]
[Round "?"]
[White "Henke, Simon"]
[Black "Hanson, Andrew"]
[Result "1-0"]
[WhiteElo "1530"]
[BlackElo "1462"]
[PlyCount "43"]
[EventDate "2008.10.19"]
[EventType "tourn (corr)"]
[EventRounds "6"]
[EventCountry "GER"]
[SourceTitle "Corr 2013"]
[Source "ChessBase"]
[SourceDate "2012.11.12"]
[SourceVersion "1"]
[SourceVersionDate "2012.11.12"]
[SourceQuality "1"]

1. b3 e5 2. Bb2 Nc6 3. e3 d6 4. c4 Nf6 5. d4 exd4 6. exd4 Be7 7. Nf3 Bf5 8. Bd3 Qd7 9. 0-0 0-0 10. d5 Nb4 11. Bxf5 Qxf5 12. Na3 c6 13. Nd4 Qd7 14. Nac2 Nxc2 15. dxc6 bxc6 16. Qxc2 d5 17. Nf5 Rfc8 18. Rfe1 Bd8 19. Re3 Nh5 20. Nh6+ gxh6 21. Qf5 Qxf5 22. Re8# 1-0

[Event "LSS SD-2008-0-00013"]
[Site "LSS email"]
[Date "2008.08.13"]
[Round "?"]
[White "Hanson, Andrew"]
[Black "Palozzi, Sebastian"]
[Result "1-0"]
[WhiteElo "1480"]
[BlackElo "1111"]
[PlyCount "29"]
[EventDate "2008.07.24"]
[EventType "tourn (corr)"]
[EventRounds "6"]
[EventCountry "GER"]
[SourceTitle "Corr 2013"]
[Source "ChessBase"]
[SourceDate "2012.11.12"]
[SourceVersion "1"]
[SourceVersionDate "2012.11.12"]
[SourceQuality "1"]
[WhiteTeam "US of America"]
[BlackTeam "US of America"]
[WhiteTeamCountry "USA"]
[BlackTeamCountry "USA"]

1. e4 d5 2. exd5 Qxd5 3. Nc3 Qd6 4. d4 Nf6 5. Bc4 a6 6. Bb3 e6 7. Nf3 b5 8. Bg5 Nbd7 9. Qe2 Be7 10. 0-0-0 0-0 11. Ne5 Bb7 12. Bf4 Qb6 13. Be3 b4 14. Nxd7 Nxd7 15. d5 1-0

[Event "LSS SD-2008-0-00013"]
[Site "LSS email"]
[Date "2008.08.12"]
[Round "?"]
[White "Hanson, Andrew"]
[Black "Koziol, Pawel"]
[Result "1/2-1/2"]
[WhiteElo "1442"]
[BlackElo "1479"]
[PlyCount "60"]
[EventDate "2008.07.24"]
[EventType "tourn (corr)"]
[EventRounds "6"]
[EventCountry "GER"]
[SourceTitle "Corr 2011"]
[Source "ChessBase"]
[SourceDate "2010.08.31"]
[SourceVersion "1"]
[SourceVersionDate "2010.08.31"]
[SourceQuality "1"]

1. d4 Nf6 2. c4 e6 3. Nc3 Bb4 4. e3 0-0 5. Bd3 c5 6. Nf3 Nc6 7. 0-0 d5 8. a3 Bxc3 9. bxc3 dxc4 10. Bxc4 Qc7 11. Bb2 e5 12. h3 b6 13. Qe2 Bb7 14. Rfd1 e4 15. Nh2 Rfe8 16. Ba2 Ne7 17. c4 Nd7 18. Rd2 cxd4 19. exd4 Ng6 20. Rc1 Nf4 21. Qe3 Nd3 22. Rxd3 exd3 23. Qxd3 Be4 24. Qd2 Qd6 25. Ng4 Rac8 26. f3 Bg6 27. Rf1 h5 28. Ne3 Nc5 29. Nd5 Ne6 30. Kh1 Qg3 1/2-1/2

[Event "LSS SD-2008-0-00008"]
[Site "LSS email"]
[Date "2008.05.06"]
[Round "?"]
[White "Mouratides, Christophoros"]
[Black "Hanson, Andrew"]
[Result "1/2-1/2"]
[WhiteElo "1666"]
[BlackElo "1442"]
[PlyCount "92"]
[EventDate "2008.04.15"]
[EventType "tourn (corr)"]
[EventRounds "6"]
[EventCountry "GER"]
[SourceTitle "Corr 2011"]
[Source "ChessBase"]
[SourceDate "2010.08.31"]
[SourceVersion "1"]
[SourceVersionDate "2010.08.31"]
[SourceQuality "1"]

1. d4 Nf6 2. Nf3 e6 3. c4 b6 4. g3 Ba6 5. b3 Bb4+ 6. Bd2 Be7 7. Bg2 c6 8. Bc3 d5 9. Nbd2 Nbd7 10. 0-0 0-0 11. Re1 c5 12. e4 dxe4 13. Nxe4 Bb7 14. Nfg5 cxd4 15. Bxd4 Nxe4 16. Nxe4 Qc7 17. Qh5 Rad8 18. Bb2 Rfe8 19. h4 g6 20. Qe2 Bxe4 21. Qxe4 Bf6 22. Bxf6 Nxf6 23. Qc6 Qxc6 24. Bxc6 Re7 25. Rad1 Rxd1 26. Rxd1 Rc7 27. Bg2 Rd7 28. Rxd7 Nxd7 29. Kf1 Kf8 30. Ke2 Ke7 31. Kd3 Kd6 32. b4 a5 33. c5+ bxc5 34. bxa5 Kc7 35. Kc4 e5 36. g4 f5 37. gxf5 gxf5 38. Bd5 Kd6 39. Bb7 Kc7 40. a6 e4 41. Bd5 Kb6 42. Be6 Ne5+ 43. Kd5 Nd3 44. Bxf5 Nxf2 45. Bxe4 Nxe4 46. Kxe4 Kxa6 1/2-1/2

[Event "LSS SD-2008-0-00001"]
[Site "LSS email"]
[Date "2008.01.23"]
[Round "?"]
[White "Hanson, Andrew"]
[Black "Ruhl, Clemens"]
[Result "1-0"]
[WhiteElo "1490"]
[BlackElo "1412"]
[PlyCount "95"]
[EventDate "2008.01.07"]
[EventType "tourn (corr)"]
[EventRounds "6"]
[EventCountry "GER"]
[SourceTitle "Corr 2013"]
[Source "ChessBase"]
[SourceDate "2012.11.12"]
[SourceVersion "1"]
[SourceVersionDate "2012.11.12"]
[SourceQuality "1"]
[WhiteTeam "US of America"]
[BlackTeam "US of America"]
[WhiteTeamCountry "USA"]
[BlackTeamCountry "USA"]

1. c4 c5 2. Nc3 Nf6 3. Nf3 Nc6 4. g3 d5 5. d4 cxd4 6. Nxd4 dxc4 7. Nxc6 Qxd1+ 8. Nxd1 bxc6 9. Bg2 Bd7 10. Ne3 e6 11. Nxc4 Bc5 12. 0-0 0-0 13. Be3 Bxe3 14. Nxe3 Rab8 15. Nc4 c5 16. b3 Bb5 17. Rac1 Rfd8 18. Rfe1 Nd5 19. Na5 Rdc8 20. Bf3 g6 21. Red1 Kg7 22. Bxd5 exd5 23. Rxd5 Bxe2 24. Rdxc5 Rxc5 25. Rxc5 Rd8 26. Kg2 Rd1 27. Nc4 Bf1+ 28. Kf3 Ra1 29. Ra5 Bxc4 30. bxc4 Rc1 31. c5 Kf6 32. Ke4 Rc2 33. Kd5 Rxf2 34. Rxa7 Rxh2 35. Kd6 Rd2+ 36. Kc7 h5 37. Ra3 Ke6 38. c6 Rc2 39. Kb7 Rb2+ 40. Kc8 g5 41. c7 Ke7 42. Re3+ Kf6 43. Kd7 Rxa2 44. c8Q Rd2+ 45. Ke8 Rd6 46. Rf3+ Kg6 47. Qf5+ Kh6 48. Qxf7 1-0

[Event "LSS SD-2008-0-00001"]
[Site "LSS email"]
[Date "2008.01.15"]
[Round "?"]
[White "Paetzold, Ortwin"]
[Black "Hanson, Andrew"]
[Result "1-0"]
[WhiteElo "1583"]
[BlackElo "1490"]
[PlyCount "41"]
[EventDate "2008.01.07"]
[EventType "tourn (corr)"]
[EventRounds "6"]
[EventCountry "GER"]
[SourceTitle "Corr 2011"]
[Source "ChessBase"]
[SourceDate "2010.08.31"]
[SourceVersion "1"]
[SourceVersionDate "2010.08.31"]
[SourceQuality "1"]

1. e4 c6 2. d4 d5 3. Nc3 dxe4 4. Nxe4 Bf5 5. Ng3 Bg6 6. h4 h6 7. Nf3 Qc7 8. Ne5 Bh7 9. Bf4 Qa5+ 10. c3 e6 11. Bc4 Nf6 12. Qb3 Qb6 13. Bxe6 fxe6 14. Qxe6+ Be7 15. Nc4 Bg8 16. Nxb6 Bxe6 17. Nxa8 Kd7 18. Nc7 Bf7 19. Nf5 Bd8 20. Nb5 cxb5 21. Bxb8 1-0